=LDR 00000nam 2200000 4500 =001 INLIS000000000040433 =005 20130612150011 =008 ***********************************ind** =035 ##$$0010-061300000040433 =041 ##$$a ind =082 ##$$a 639 =090 ##$$a 639, Ari t =100 ##$$a AFRIANTI, Leni Horliant =245 ##$$a 33 Macam buah-bauhan untuk kesehatan, Leni herliani afrianti =260 ##$$a 2010 $b Bandung =300 ##$$a Vii,184 Hlm, ilus, 23 cm =650 ##$$a BUAH-BUAHAN =850 ##$$a NBPNMAT